FDI Concentration and Structural Vulnerabilities in Small EU Economies: A Comparative Perspective on Bulgaria and Slovakia

Táto práca porovnáva štruktúru priamych zahraničných investícií (PZI) v Bulharsku a na Slovensku v rokoch 2014 – 2024 so zameraním na rozdiely v sektorovej a geografickej diverzifikácii. Analýza s využitím harmonizovaných údajov o stavoch z databázy FDI wiiw a štandardných mier koncentrácie ukazuje,...

Ausführliche Beschreibung

Gespeichert in:
Bibliographische Detailangaben
1. Verfasser: Zhelev, Paskal, 1980-
Weitere Verfasser: Pitoňáková, Renáta, 1967-
Format: Buchkapitel
Sprache:Englisch
Schlagworte:
Tags: Tag hinzufügen
Keine Tags, Fügen Sie das erste Tag hinzu!

MARC

LEADER 00000naa$a2200000$$$4500
001 0314292
005 20260123122342.9
041 0 |a eng 
044 |a SK 
245 1 0 |a FDI Concentration and Structural Vulnerabilities in Small EU Economies: A Comparative Perspective on Bulgaria and Slovakia  |c Paskal Zhelev, Renáta Pitoňáková 
520 |a Táto práca porovnáva štruktúru priamych zahraničných investícií (PZI) v Bulharsku a na Slovensku v rokoch 2014 – 2024 so zameraním na rozdiely v sektorovej a geografickej diverzifikácii. Analýza s využitím harmonizovaných údajov o stavoch z databázy FDI wiiw a štandardných mier koncentrácie ukazuje, že portfólio PZI Bulharska je široko rozložené medzi jednotlivými činnosťami a partnerskými krajinami, zatiaľ čo Slovensko vykazuje trvalo vysokú koncentráciu sústredenú na úzky súbor výrobných podsektorov a investorov z EÚ. Paralelné porovnanie reálnej spotreby na obyvateľa odhaľuje značnú konvergenciu Bulharska počas obdobia, v ktorom sa tieto štrukturálne rozdiely zväčšili. Hoci analýza neznamená kauzalitu, výsledky naznačujú, že diverzifikované konfigurácie PZI podporujú adaptívnejšie prispôsobenie sa v malých otvorených ekonomikách, zatiaľ čo koncentrované vzorce zvyšujú zraniteľnosť voči sektorovo špecifickým a regionálnym šokom. Tieto zistenia zdôrazňujú potenciálny význam kvalitatívneho zloženia prichádzajúcich PZI pre odolnosť a dlhodobú konvergenciu v rámci Európskej únie. 
610 2 0 |a Európska únia 
610 2 0 |a politika zahraničná 
610 2 0 |a porovnanie medzinárodné 
610 2 0 |a politika 
610 2 0 |a Bulharsko 
100 1 |a Zhelev, Paskal, 1980- 
700 1 |a Pitoňáková, Renáta, 1967-